[Event "XXII Memorial Edoardo Crespi Internazionale"]
[Site "Milano ITA"]
[Date "2001.12.??"]
[Round "6"]
[White "Zoldan, Matteo"]
[Black "Iudicello, Giovanni"]
[Result "1-0"]
[WhiteElo "2095"]
[BlackElo "2160"]
[PlyCount "37"]
[EventDate "2001.12.03"]

1.d4 Nf6 2.c4 g6 3.Nc3 Bg7 4.e4 d6 5.f3 O-O 6.Be3 e5 7.Nge2 c6 8.d5 cxd5 
9.cxd5 a6 10.Qd2 Nbd7 11.g4 h5 12.h3 b5 13.Bg5 b4 14.Nd1 Qb6 15.Ng3 Kh7 
16.Ne3 Re8 17.gxh5 Nxh5 18.Nxh5 gxh5 19.Nf5 1-0

[Event "XXII Memorial Edoardo Crespi Internazionale"]
[Site "Milano ITA"]
[Date "2001.12.??"]
[Round "7"]
[White "Battistella, Stefano"]
[Black "Lamberger, Werner"]
[Result "1/2-1/2"]
[WhiteElo "2024"]
[BlackElo "2050"]
[PlyCount "52"]
[EventDate "2001.12.03"]

1.c4 c5 2.Nc3 Nc6 3.g3 g6 4.Bg2 Bg7 5.e4 a6 6.Nge2 Rb8 7.a4 d6 8.d3 Nf6 9.
O-O O-O 10.h3 Ne8 11.f4 Nc7 12.f5 Bd7 13.Bg5 Nd4 14.g4 b5 15.axb5 axb5 16.
Nd5 Nxd5 17.cxd5 h6 18.Be3 Ra8 19.Bxd4 Bxd4+ 20.Nxd4 cxd4 21.Qd2 g5 22.
Rxa8 Qxa8 23.f6 e5 24.dxe6 Bxe6 25.Qb4 Qc6 26.Qxd4 Qc5 1/2-1/2

[Event "XXII Memorial Edoardo Crespi Internazionale"]
[Site "Milano ITA"]
[Date "2001.12.??"]
[Round "7"]
[White "Belotti, Bruno"]
[Black "Zoldan, Matteo"]
[Result "1/2-1/2"]
[WhiteElo "2403"]
[BlackElo "2095"]
[PlyCount "93"]
[EventDate "2001.12.03"]

1.Nf3 Nf6 2.c4 g6 3.Nc3 Bg7 4.e4 d6 5.d4 O-O 6.Be2 Na6 7.O-O e5 8.Be3 Ng4 
9.Bg5 f6 10.Bc1 c6 11.h3 Nh6 12.Be3 Nf7 13.a3 Nc7 14.dxe5 dxe5 15.Qxd8 
Rxd8 16.Rfd1 Re8 17.c5 Bh6 18.Bxh6 Nxh6 19.b4 Nf7 20.Na4 Ne6 21.Bc4 Nf4 
22.Nb2 Be6 23.Bxe6 Nxe6 24.Rd7 Rab8 25.Nc4 Red8 26.Re7 Re8 27.Rxe8+ Rxe8 
28.Na5 Re7 29.Rd1 Kf8 30.g3 Ke8 31.h4 h5 32.Kf1 Rc7 33.Nc4 Rd7 34.Rxd7 
Kxd7 35.Ke2 Kc7 36.Ke3 Kd7 37.Ne1 Nd4 38.f4 Nb5 39.Nf3 Ke6 40.fxe5 fxe5 
41.Kd3 Nc7 42.Ng5+ Nxg5 43.hxg5 Nb5 44.Na5 Nxa3 45.Nxb7 Ke7 46.Nd6 Nb5 47.
Nxb5 1/2-1/2

[Event "XXII Memorial Edoardo Crespi Internazionale"]
[Site "Milano ITA"]
[Date "2001.12.??"]
[Round "7"]
[White "Burani, Eugenio"]
[Black "Barlocco, Carlo"]
[Result "0-1"]
[WhiteElo "2093"]
[BlackElo "2139"]
[PlyCount "112"]
[EventDate "2001.12.03"]

1.e4 c5 2.Nf3 e6 3.d4 cxd4 4.Nxd4 Nf6 5.Nc3 Qb6 6.Nb3 Bb4 7.Bd3 d5 8.O-O 
Bxc3 9.bxc3 dxe4 10.Be3 Qc7 11.Bb5+ Bd7 12.Qe2 a6 13.Bxd7+ Nbxd7 14.Rad1 
Qxc3 15.Bd4 Qc7 16.Rd2 O-O 17.Rfd1 Rac8 18.Ba1 Ne5 19.f4 Ng6 20.Bxf6 gxf6 
21.Qxe4 f5 22.Qf3 Rfd8 23.Rxd8+ Rxd8 24.Rxd8+ Qxd8 25.Qxb7 Qd1+ 26.Kf2 
Qxc2+ 27.Kg1 Qb1+ 28.Kf2 Qxa2+ 29.Kg1 Qb1+ 30.Kf2 Qc2+ 31.Kg1 Qe4 32.Qc8+ 
Kg7 33.Qc3+ Kg8 34.Nc5 Qb1+ 35.Kf2 Nxf4 36.g3 Qg1+ 37.Kxg1 Ne2+ 38.Kg2 
Nxc3 39.Nxa6 Kg7 40.Nc5 Kf6 41.Kf3 Ne4 42.Nd7+ Ke7 43.Ne5 Nf6 44.Nc4 Ng4 
45.h3 Nf6 46.Kf4 Nh5+ 47.Kf3 Nf6 48.Kf4 Ne4 49.g4 Nd6 50.Ne5 f6 51.Nf3 e5+
52.Ke3 f4+ 53.Ke2 Ne4 54.h4 Ke6 55.h5 f5 56.Nh2 fxg4 0-1

[Event "XXII Memorial Edoardo Crespi Internazionale"]
[Site "Milano ITA"]
[Date "2001.12.??"]
[Round "7"]
[White "Cavatorta, Fosco"]
[Black "Podini, Francesco"]
[Result "1/2-1/2"]
[WhiteElo "2011"]
[BlackElo "2085"]
[PlyCount "111"]
[EventDate "2001.12.03"]

1.Nf3 Nf6 2.d3 g6 3.e4 d6 4.g3 Bg7 5.Bg2 c5 6.O-O O-O 7.Nbd2 Nc6 8.c3 Bd7 
9.h3 Rb8 10.Qe2 Ne8 11.Nb3 b5 12.d4 cxd4 13.cxd4 Na5 14.Nxa5 Qxa5 15.Bd2 
Qa4 16.b3 Qa3 17.Bc1 Qa5 18.Bb2 b4 19.Rfc1 Nc7 20.Qd2 Qb6 21.Bf1 a5 22.Rc2
Rfc8 23.Rac1 Nb5 24.e5 Rxc2 25.Rxc2 Rc8 26.Kh2 Qb7 27.Bg2 Bf5 28.Rxc8+ 
Qxc8 29.g4 Bd7 30.Bf1 Nc3 31.exd6 exd6 32.d5 Qc5 33.Bg2 Bb5 34.Ng5 h6 35.
Ne4 Qc7 36.a4 Ba6 37.f4 f5 38.gxf5 gxf5 39.Ng3 Qf7 40.Qf2 Bb7 41.Qc2 Bxd5 
42.Bxd5 Qxd5 43.Nxf5 Qf3 44.Ne7+ Kf8 45.Ng6+ Ke8 46.Qf5 Qe2+ 47.Kh1 Qd1+ 
48.Kh2 Qxb3 49.Qc8+ Kf7 50.Qf5+ Bf6 51.Nh8+ Kg7 52.Qg6+ Kxh8 53.Qxf6+ Kh7 
54.Qe7+ Kg8 55.Qd8+ Kg7 56.Qc7+ 1/2-1/2

[Event "XXII Memorial Edoardo Crespi Internazionale"]
[Site "Milano ITA"]
[Date "2001.12.??"]
[Round "7"]
[White "Cazzaniga, Walter"]
[Black "Crippa, Gabriele"]
[Result "1/2-1/2"]
[WhiteElo "2131"]
[BlackElo "2118"]
[PlyCount "55"]
[EventDate "2001.12.03"]

1.d4 d5 2.c4 e6 3.Nc3 c5 4.cxd5 exd5 5.Nf3 Nc6 6.g3 Nf6 7.Bg2 Be7 8.O-O 
O-O 9.Bg5 cxd4 10.Nxd4 h6 11.Be3 Re8 12.h3 Bf8 13.Rc1 Ne5 14.b3 Bd7 15.
Ncb5 Rc8 16.Rxc8 Qxc8 17.Qc1 a6 18.Nc7 Rd8 19.Nxd5 Nxd5 20.Bxd5 Bxh3 21.
Bg2 Qxc1 22.Rxc1 Bxg2 23.Kxg2 Ng4 24.Nc2 Rc8 25.Bd2 g6 26.Nd4 Rxc1 27.Bxc1
Bc5 28.Bb2 1/2-1/2

[Event "XXII Memorial Edoardo Crespi Internazionale"]
[Site "Milano ITA"]
[Date "2001.12.??"]
[Round "7"]
[White "Dalimeg, Alfredo"]
[Black "Bonazzi, Edoardo"]
[Result "1/2-1/2"]
[WhiteElo "2141"]
[BlackElo "2110"]
[PlyCount "24"]
[EventDate "2001.12.03"]

1.e4 c5 2.Nf3 Nc6 3.d4 cxd4 4.Nxd4 e6 5.Be3 a6 6.Bd3 Qc7 7.O-O Nf6 8.h3 d5
9.Nc3 dxe4 10.Nxe4 Nd5 11.Nxc6 Qxc6 12.Bd2 Be7 1/2-1/2

[Event "XXII Memorial Edoardo Crespi Internazionale"]
[Site "Milano ITA"]
[Date "2001.12.??"]
[Round "7"]
[White "Iudicello, Giovanni"]
[Black "Bianchi, Alberto"]
[Result "1-0"]
[WhiteElo "2160"]
[BlackElo "2037"]
[PlyCount "55"]
[EventDate "2001.12.03"]

1.e4 e5 2.Nf3 Nc6 3.Bb5 a6 4.Ba4 Nf6 5.O-O Nxe4 6.d4 b5 7.Bb3 d5 8.dxe5 
Be6 9.c3 Be7 10.Nbd2 Bg4 11.Nxe4 dxe4 12.Qd5 O-O 13.Qxe4 Bxf3 14.gxf3 Na5 
15.Bc2 g6 16.f4 f5 17.Qf3 Qd7 18.Rd1 Qc6 19.Bb3+ Kg7 20.Bd5 Qe8 21.Bxa8 c6
22.b4 Nc4 23.Bxc6 Qc8 24.Rd7 Rf7 25.Be3 g5 26.e6 g4 27.Qd5 Qxc6 28.Qxc6 
1-0

[Event "XXII Memorial Edoardo Crespi Internazionale"]
[Site "Milano ITA"]
[Date "2001.12.??"]
[Round "7"]
[White "Lapiccirella, Mattia"]
[Black "De Santis, Alessio"]
[Result "1/2-1/2"]
[WhiteElo "2164"]
[BlackElo "2345"]
[PlyCount "22"]
[EventDate "2001.12.03"]

1.d4 d5 2.Nf3 f5 3.g3 Nf6 4.Bg2 g6 5.O-O Bg7 6.b3 O-O 7.Bb2 c6 8.c4 a5 9.
a3 Na6 10.Nbd2 Bd7 11.Qc2 Nh5 1/2-1/2

[Event "XXII Memorial Edoardo Crespi Internazionale"]
[Site "Milano ITA"]
[Date "2001.12.??"]
[Round "7"]
[White "Lazic, Miroljub"]
[Black "Valenti, Giuseppe"]
[Result "1-0"]
[WhiteElo "2449"]
[BlackElo "2206"]
[PlyCount "115"]
[EventDate "2001.12.03"]

1.g3 e6 2.Bg2 d5 3.d3 Nf6 4.Nd2 Be7 5.e4 c5 6.Ngf3 Nc6 7.O-O O-O 8.Re1 b5 
9.e5 Nd7 10.c3 Qc7 11.Qe2 a5 12.h4 a4 13.Nf1 Ba6 14.Bf4 c4 15.d4 b4 16.a3 
bxc3 17.bxc3 Rfb8 18.Ne3 Qa5 19.Ng5 Nf8 20.Qh5 Nd8 21.Nd1 Rb3 22.Bc1 Rab8 
23.Qe2 Qb5 24.Nf3 Rb1 25.Qa2 Rxa1 26.Qxa1 Nc6 27.Ne3 Na5 28.Nc2 Nb3 29.Qa2
Nxc1 30.Rxc1 Qb2 31.Qxb2 Rxb2 32.Nd2 Bxa3 33.Nxa3 Rxd2 34.Nc2 Bb5 35.Kf1 
Rd3 36.Na3 Bc6 37.Ke1 h5 38.Bf1 Rf3 39.Be2 Rf5 40.Nc2 g6 41.Ne3 f6 42.Nxf5
exf5 43.exf6 Kf7 44.Bd1 Nd7 45.Ra1 Nb6 46.Rb1 Nd7 47.Rb4 Nxf6 48.f3 a3 49.
Rb6 Bd7 50.Ra6 Ng8 51.Rxa3 Ne7 52.Bc2 Be6 53.Ra7 Kf6 54.Kf2 Ng8 55.Ke3 Ne7
56.Kf4 Nc8 57.Ra6 Ne7 58.Ba4 1-0

[Event "XXII Memorial Edoardo Crespi Internazionale"]
[Site "Milano ITA"]
[Date "2001.12.??"]
[Round "7"]
[White "Maksimenko, Andrei"]
[Black "Drazic, Sinisa"]
[Result "1/2-1/2"]
[WhiteElo "2495"]
[BlackElo "2471"]
[PlyCount "28"]
[EventDate "2001.12.03"]

1.e4 e5 2.Nf3 Nc6 3.Bb5 a6 4.Bxc6 dxc6 5.O-O f6 6.d4 exd4 7.Qxd4 Qxd4 8.
Nxd4 c5 9.Ne2 Be6 10.Nbc3 O-O-O 11.Be3 Bd6 12.Rfd1 Ne7 13.f3 Bf7 14.Rd2 
Ng6 1/2-1/2

[Event "XXII Memorial Edoardo Crespi Internazionale"]
[Site "Milano ITA"]
[Date "2001.12.??"]
[Round "7"]
[White "Pienabarca, Nicola"]
[Black "Barberi, Alessandro"]
[Result "1-0"]
[WhiteElo "2044"]
[BlackElo "2136"]
[PlyCount "67"]
[EventDate "2001.12.03"]

1.d4 g6 2.c4 Bg7 3.Nc3 d6 4.e4 Nd7 5.f4 c5 6.d5 Ngf6 7.Nf3 O-O 8.Be2 Ne8 
9.O-O e6 10.dxe6 fxe6 11.e5 Nb8 12.Be3 b6 13.Ng5 a6 14.Bf3 Ra7 15.Be4 Qe7 
16.Nxh7 Kxh7 17.Qh5+ Kg8 18.Bxg6 Nf6 19.exf6 Rxf6 20.f5 Rxf5 21.Bxf5 exf5 
22.Nd5 Qe5 23.Qg5 Nc6 24.Rae1 Qxb2 25.Rb1 Qe5 26.Rfe1 f4 27.Bxf4 Qxg5 28.
Bxg5 Ne5 29.Rxb6 Bg4 30.Rxd6 Nxc4 31.Rc6 Bd4+ 32.Kh1 Ne5 33.Nf6+ Kf7 34.
Rxe5 1-0

[Event "XXII Memorial Edoardo Crespi Internazionale"]
[Site "Milano ITA"]
[Date "2001.12.??"]
[Round "7"]
[White "Qendro, Llambi"]
[Black "Paragua, Mark"]
[Result "1/2-1/2"]
[WhiteElo "2333"]
[BlackElo "2447"]
[PlyCount "79"]
[EventDate "2001.12.03"]

1.d4 Nf6 2.c4 g6 3.g3 Bg7 4.Bg2 O-O 5.Nf3 d6 6.O-O c6 7.Nc3 Bf5 8.Nh4 Be6 
9.d5 cxd5 10.cxd5 Bd7 11.Be3 Qa5 12.Bd4 Rc8 13.e4 Rc4 14.Re1 Na6 15.Bf1 
Rb4 16.Rb1 Ng4 17.Bxg7 Qb6 18.Qd2 Kxg7 19.Nf3 Ne5 20.Nxe5 dxe5 21.Qe3 Rc8 
22.Qxb6 Rxb6 23.Bxa6 Rxa6 24.f3 Ra5 25.Rec1 Rac5 26.Kf2 e6 27.dxe6 Bxe6 
28.Rd1 b5 29.a3 a5 30.Rd2 Bb3 31.Re1 b4 32.axb4 axb4 33.Nd5 Rd8 34.Re3 Bc4
35.Rc2 b3 36.Rcc3 Rc6 37.Ne7 Rc5 38.Nd5 Rc6 39.Ne7 Rc5 40.Nd5 1/2-1/2

[Event "XXII Memorial Edoardo Crespi Internazionale"]
[Site "Milano ITA"]
[Date "2001.12.??"]
[Round "7"]
[White "Rettore, Ludwig"]
[Black "Contedini, Ennio"]
[Result "1-0"]
[WhiteElo "2141"]
[BlackElo "2245"]
[PlyCount "73"]
[EventDate "2001.12.03"]

1.e4 e5 2.Nf3 Nc6 3.Bc4 d6 4.c3 Be7 5.O-O Nf6 6.Re1 O-O 7.d3 h6 8.a3 Nh7 
9.Nbd2 Bg5 10.Nxg5 Nxg5 11.Nf1 Be6 12.h4 Nh7 13.Bxe6 fxe6 14.Qg4 Qf6 15.
Be3 d5 16.Ng3 Kh8 17.d4 Rad8 18.b4 Qf7 19.b5 exd4 20.cxd4 Na5 21.e5 Nc4 
22.Nh5 g5 23.hxg5 Nxe3 24.fxe3 hxg5 25.Rf1 Qg6 26.Rac1 Rxf1+ 27.Rxf1 Rf8 
28.Nf6 Nxf6 29.Qxe6 Re8 30.Qxf6+ Qxf6 31.Rxf6 Kg7 32.Kf2 Rc8 33.Kg3 c6 34.
bxc6 bxc6 35.Kg4 c5 36.dxc5 Rxc5 37.Ra6 1-0

[Event "XXII Memorial Edoardo Crespi Internazionale"]
[Site "Milano ITA"]
[Date "2001.12.??"]
[Round "7"]
[White "Scalcione, Michelangelo"]
[Black "Lanzani, Mario"]
[Result "1/2-1/2"]
[WhiteElo "2292"]
[BlackElo "2378"]
[PlyCount "43"]
[EventDate "2001.12.03"]

1.Nf3 Nf6 2.c4 b6 3.g3 c5 4.Bg2 Bb7 5.O-O g6 6.Nc3 Bg7 7.Re1 d6 8.e4 e5 9.
d4 Nc6 10.dxe5 dxe5 11.Nd5 h6 12.b4 cxb4 13.a3 O-O 14.axb4 Nxd5 15.cxd5 
Nxb4 16.Ba3 a5 17.Qb3 Qd6 18.Rab1 f5 19.Bxb4 axb4 20.Nh4 Rad8 21.Red1 Rf6 
22.Qd3 1/2-1/2

[Event "XXII Memorial Edoardo Crespi Internazionale"]
[Site "Milano ITA"]
[Date "2001.12.08"]
[Round "8"]
[White "Astengo, Corrado"]
[Black "Dalimeg, Alfredo"]
[Result "1/2-1/2"]
[WhiteElo "2166"]
[BlackElo "2141"]
[PlyCount "120"]
[EventDate "2001.12.03"]

1.e4 e5 2.Nf3 Nc6 3.Bb5 a6 4.Ba4 Nf6 5.Qe2 b5 6.Bb3 Be7 7.O-O O-O 8.c3 d6 
9.h3 Na5 10.Bc2 c5 11.Rd1 Qc7 12.d3 Rb8 13.Nbd2 Nc6 14.Nf1 Re8 15.Ng3 b4 
16.Ba4 bxc3 17.bxc3 Bd7 18.Qc2 g6 19.Bg5 Na5 20.Bxd7 Qxd7 21.Rab1 Kg7 22.
Qd2 Ng8 23.Bxe7 Qxe7 24.Rb2 Rb5 25.c4 Rxb2 26.Qxb2 Qd7 27.Qb6 Qa4 28.Rd2 
Nc6 29.Qc7 Rd8 30.Rb2 Nge7 31.Rb6 Qd1+ 32.Kh2 Qxd3 33.Rxc6 Nxc6 34.Qxc6 
Qxc4 35.Qc7 Re8 36.Qxd6 Re6 37.Qc7 Qxa2 38.Qxc5 Qb2 39.Nf1 Qb5 40.Qc1 a5 
41.Ne3 a4 42.Nd5 Rc6 43.Qa1 f6 44.Qa3 Rc5 45.Nc3 Qa5 46.Nxa4 Rc7 47.Qd6 
Qa7 48.Nb6 Rf7 49.Kg3 h5 50.Nd5 Qa4 51.Qb4 Qc2 52.Ne3 Qd3 53.Qc4 Qd6 54.
Nd5 f5 55.Kh2 Rd7 56.Ng5 fxe4 57.Ne3 Re7 58.Qxe4 Qd4 59.Nd5 Qxe4 60.Nxe4 
Rd7 1/2-1/2

[Event "XXII Memorial Edoardo Crespi Internazionale"]
[Site "Milano ITA"]
[Date "2001.12.08"]
[Round "8"]
[White "Barberi, Alessandro"]
[Black "Crippa, Gabriele"]
[Result "0-1"]
[WhiteElo "2136"]
[BlackElo "2118"]
[PlyCount "38"]
[EventDate "2001.12.03"]

1.d4 d5 2.c4 e6 3.Nf3 c5 4.e3 Nc6 5.dxc5 Bxc5 6.a3 Nf6 7.b4 Be7 8.Nbd2 
dxc4 9.Bxc4 O-O 10.Bb2 a6 11.Qb3 b5 12.Bd3 Qd5 13.Rc1 Bb7 14.Qc2 Rfd8 15.
Bxf6 Qxd3 16.Qxd3 Rxd3 17.Bxe7 Nxe7 18.Ne5 Rxa3 19.Ke2 Nd5 0-1

[Event "XXII Memorial Edoardo Crespi Internazionale"]
[Site "Milano ITA"]
[Date "2001.12.08"]
[Round "8"]
[White "Barlocco, Carlo"]
[Black "Battistella, Stefano"]
[Result "1-0"]
[WhiteElo "2139"]
[BlackElo "2024"]
[PlyCount "93"]
[EventDate "2001.12.03"]

1.c4 c5 2.Nc3 Nc6 3.g3 g6 4.Bg2 Bg7 5.e3 e5 6.Nge2 Nge7 7.O-O O-O 8.a3 d6 
9.Rb1 a5 10.Nd5 Rb8 11.Nec3 Be6 12.d3 f5 13.b4 axb4 14.axb4 cxb4 15.Nxb4 
Nxb4 16.Rxb4 e4 17.Nb5 Nc6 18.Ra4 Ne5 19.Ba3 Nxd3 20.Nxd6 Nb2 21.Bxb2 Bxb2
22.Qb3 Be5 23.Nxb7 Qc7 24.Rb4 Ra8 25.Rb1 Ra7 26.Bf1 Rf7 27.Nd8 Qxd8 28.Rb5
Qc7 29.Rb6 Qe7 30.Qb5 Bd7 31.Qd5 Ra1 32.Rxa1 Bxa1 33.Qa8+ Rf8 34.Qxa1 Qc5 
35.Qd4 Qxd4 36.exd4 Rc8 37.c5 Kf8 38.Bc4 Rc7 39.Kf1 Ke7 40.Ke2 Ra7 41.d5 
Ra4 42.d6+ Kf6 43.c6 Be8 44.d7 Ke7 45.dxe8=Q+ Kxe8 46.Rb8+ Ke7 47.c7 1-0

[Event "XXII Memorial Edoardo Crespi Internazionale"]
[Site "Milano ITA"]
[Date "2001.12.08"]
[Round "8"]
[White "Bianchi, Alberto"]
[Black "Astengo, Marcello"]
[Result "0-1"]
[WhiteElo "2037"]
[BlackElo "2076"]
[PlyCount "68"]
[EventDate "2001.12.03"]

1.e4 e6 2.g3 d5 3.Bg2 c5 4.exd5 exd5 5.Qe2+ Be7 6.d4 Nf6 7.dxc5 O-O 8.Nf3 
Re8 9.O-O Bxc5 10.Qb5 b6 11.Re1 Rxe1+ 12.Nxe1 Ba6 13.Qa4 Bc4 14.b4 b5 15.
Qa3 Bxf2+ 16.Kxf2 Ng4+ 17.Kg1 Qb6+ 18.Be3 Nxe3 19.Qa5 Qf6 20.Nd2 Nc6 21.
Qa3 Nxg2 22.Rc1 Nxe1 23.Rxe1 Qd4+ 24.Qe3 Re8 25.Nxc4 Rxe3 26.Nxe3 Nxb4 27.
Kf1 h6 28.a3 Nc6 29.Ke2 Qc3 30.Rd1 d4 31.Rd3 Qc5 32.Nf1 Qxc2+ 33.Nd2 Kf8 
34.Ke1 Qxd3 0-1

[Event "XXII Memorial Edoardo Crespi Internazionale"]
[Site "Milano ITA"]
[Date "2001.12.08"]
[Round "8"]
[White "Bonazzi, Edoardo"]
[Black "Rettore, Ludwig"]
[Result "0-1"]
[WhiteElo "2110"]
[BlackElo "2141"]
[PlyCount "64"]
[EventDate "2001.12.03"]

1.d4 c5 2.d5 e5 3.c4 d6 4.e4 g6 5.Nc3 a6 6.Bd3 Bg7 7.Nge2 Ne7 8.Ng3 O-O 9.
f3 f5 10.exf5 gxf5 11.Bg5 Bf6 12.Qd2 Ng6 13.Bh6 Bg7 14.Bxg7 Kxg7 15.Qc2 
Qg5 16.O-O Nf4 17.Nce2 Nxd3 18.Qxd3 f4 19.Ne4 Qg6 20.N2c3 Bf5 21.a3 Nd7 
22.Qe2 Kh8 23.Rf2 Rg8 24.Kh1 Rg7 25.g4 fxg3 26.Rg2 Qh6 27.Rag1 gxh2 28.
Rxh2 Rxg1+ 29.Kxg1 Bh3 30.Kf2 Rg8 31.Nxd6 Qh4+ 32.Ke3 Qd4# 0-1

[Event "XXII Memorial Edoardo Crespi Internazionale"]
[Site "Milano ITA"]
[Date "2001.12.08"]
[Round "8"]
[White "Cazzaniga, Walter"]
[Black "Iudicello, Giovanni"]
[Result "1-0"]
[WhiteElo "2131"]
[BlackElo "2160"]
[PlyCount "65"]
[EventDate "2001.12.03"]

1.d4 Nf6 2.c4 g6 3.Nc3 Bg7 4.e4 d6 5.Nf3 O-O 6.Be2 e5 7.O-O Nc6 8.d5 Ne7 
9.b4 Ne8 10.c5 f5 11.Ng5 Nf6 12.f3 h6 13.cxd6 Qxd6 14.Qb3 a6 15.b5 hxg5 
16.Ba3 Qb6+ 17.Kh1 Rf7 18.Na4 Qa7 19.b6 cxb6 20.Nxb6 Bd7 21.Nxa8 Qxa8 22.
Bxe7 Rxe7 23.d6+ Be6 24.Bc4 Bxc4 25.Qxc4+ Rf7 26.Rac1 Qd8 27.Rfd1 Qd7 28.
Qb3 Ne8 29.Rc5 Kh7 30.exf5 gxf5 31.Qd3 Kg6 32.g4 Nf6 33.Rc7 1-0

[Event "XXII Memorial Edoardo Crespi Internazionale"]
[Site "Milano ITA"]
[Date "2001.12.08"]
[Round "8"]
[White "Cebalo, Miso"]
[Black "Laketic, Gojko"]
[Result "1/2-1/2"]
[WhiteElo "2492"]
[BlackElo "2452"]
[PlyCount "52"]
[EventDate "2001.12.03"]

1.d4 e6 2.c4 Nf6 3.Nf3 b6 4.a3 Bb7 5.Nc3 d5 6.Bg5 Be7 7.e3 O-O 8.Rc1 dxc4 
9.Bxc4 c5 10.O-O Nbd7 11.Qe2 Ne4 12.Nxe4 Bxe4 13.Bxe7 Qxe7 14.dxc5 Nxc5 
15.b4 Nd7 16.Ba6 Rad8 17.Rfd1 Nf6 18.Nd4 e5 19.Nb5 Rxd1+ 20.Rxd1 Bc6 21.
Nc3 Rd8 22.f3 Rxd1+ 23.Qxd1 g6 24.Kf2 Kg7 25.g3 h6 26.Qe2 Qd6 1/2-1/2

[Event "XXII Memorial Edoardo Crespi Internazionale"]
[Site "Milano ITA"]
[Date "2001.12.08"]
[Round "8"]
[White "Contedini, Ennio"]
[Black "Lamberger, Werner"]
[Result "1/2-1/2"]
[WhiteElo "2245"]
[BlackElo "2050"]
[PlyCount "24"]
[EventDate "2001.12.03"]

1.e4 c5 2.d4 cxd4 3.c3 dxc3 4.Nxc3 Nc6 5.Nf3 a6 6.Bc4 d6 7.O-O Nf6 8.Qe2 
Bg4 9.Rd1 e6 10.Bf4 Qb8 11.h3 Bxf3 12.gxf3 Be7 1/2-1/2

[Event "XXII Memorial Edoardo Crespi Internazionale"]
[Site "Milano ITA"]
[Date "2001.12.08"]
[Round "8"]
[White "Lanzani, Mario"]
[Black "De Santis, Alessio"]
[Result "1/2-1/2"]
[WhiteElo "2378"]
[BlackElo "2345"]
[PlyCount "85"]
[EventDate "2001.12.03"]

1.d4 f5 2.g3 Nf6 3.Bg2 g6 4.Nf3 Bg7 5.O-O O-O 6.c3 c6 7.Nbd2 Na6 8.Re1 d5 
9.Ne5 Nc7 10.Ndf3 Nce8 11.Nd3 Nd6 12.Nfe5 Nf7 13.Bf4 Nxe5 14.Bxe5 Be6 15.
f3 Bf7 16.Qd2 Qb6 17.a4 a5 18.Rab1 Nd7 19.Bxg7 Kxg7 20.Qe3 Rfe8 21.Ne5 Nf6
22.g4 e6 23.g5 Ng8 24.h4 Qc7 25.Kf2 Ne7 26.b4 axb4 27.cxb4 Nc8 28.b5 cxb5 
29.Rxb5 Re7 30.Rc1 Qd8 31.Qb3 Nd6 32.Rb6 Ra7 33.Qb4 Nc4 34.Nxc4 dxc4 35.
Qc5 Rxa4 36.Rcb1 c3 37.Qxc3 Qxd4+ 38.Qxd4+ Rxd4 39.Kg3 f4+ 40.Kf2 Rdd7 41.
Bh3 Rc7 42.R1b2 e5 43.e4 1/2-1/2

[Event "XXII Memorial Edoardo Crespi Internazionale"]
[Site "Milano ITA"]
[Date "2001.12.08"]
[Round "8"]
[White "Lapiccirella, Mattia"]
[Black "Qendro, Llambi"]
[Result "1/2-1/2"]
[WhiteElo "2164"]
[BlackElo "2333"]
[PlyCount "91"]
[EventDate "2001.12.03"]

1.c4 g6 2.Nc3 Bg7 3.g3 e5 4.Bg2 Nc6 5.Rb1 a5 6.a3 d6 7.d3 Be6 8.b4 axb4 9.
axb4 Qd7 10.b5 Nd8 11.Nd5 Ne7 12.e3 O-O 13.Qc2 Nc8 14.Ne2 c6 15.bxc6 bxc6 
16.Ndc3 Bh3 17.O-O Bxg2 18.Kxg2 Ne6 19.f4 Ne7 20.Bd2 Rab8 21.Rxb8 Rxb8 22.
Rb1 Rxb1 23.Qxb1 h6 24.h3 Kh7 25.Ne4 d5 26.cxd5 cxd5 27.Nf2 exf4 28.Nxf4 
Nf5 29.Nxe6 Qxe6 30.e4 Ne7 31.Qb7 Bd4 32.Ng4 h5 33.Ne3 dxe4 34.Qxe4 Qd7 
35.Nc4 f5 36.Qf4 Bg7 37.Ne5 Qd5+ 38.Nf3 Qxd3 39.Ng5+ Kg8 40.Qb8+ Bf8 41.
Bf4 h4 42.Qe8 Qd5+ 43.Kf2 Qa2+ 44.Kf3 Qb3+ 45.Kg2 hxg3 46.h4 1/2-1/2

[Event "XXII Memorial Edoardo Crespi Internazionale"]
[Site "Milano ITA"]
[Date "2001.12.08"]
[Round "8"]
[White "Maksimenko, Andrei"]
[Black "Lazic, Miroljub"]
[Result "1/2-1/2"]
[WhiteElo "2495"]
[BlackElo "2449"]
[PlyCount "31"]
[EventDate "2001.12.03"]

1.d4 d6 2.c4 e5 3.Nf3 e4 4.Ng5 f5 5.Nc3 c6 6.Nh3 Nf6 7.Bg5 Be7 8.e3 O-O 9.
Nf4 Na6 10.h4 Nc7 11.Qb3 Rb8 12.Be2 Ne6 13.c5 d5 14.Nxe6 Bxe6 15.Bf4 b6 
16.Bxb8 1/2-1/2

[Event "XXII Memorial Edoardo Crespi Internazionale"]
[Site "Milano ITA"]
[Date "2001.12.08"]
[Round "8"]
[White "Paragua, Mark"]
[Black "Isonzo, David"]
[Result "1-0"]
[WhiteElo "2447"]
[BlackElo "2343"]
[PlyCount "131"]
[EventDate "2001.12.03"]

1.e4 e5 2.Nf3 Nc6 3.d4 exd4 4.Nxd4 Bc5 5.Nxc6 Qf6 6.Qd2 dxc6 7.Nc3 Qe7 8.
Qg5 Nf6 9.Be3 Bb4 10.e5 Ng4 11.Qxg7 Rf8 12.Qg5 Bxc3+ 13.bxc3 Qa3 14.Bd2 
Qc5 15.Qh4 Qxe5+ 16.Be2 Be6 17.h3 Nf6 18.f4 Qf5 19.Bd3 Ne4 20.Be3 Qf6 21.
Qxf6 Nxf6 22.f5 Bd5 23.Bd4 Nd7 24.Kf2 O-O-O 25.c4 c5 26.Bg7 Rg8 27.f6 Bxg2
28.Bxh7 Bxh1 29.Bxg8 Bc6 30.Bh7 Ne5 31.Re1 Rd2+ 32.Re2 Rxe2+ 33.Kxe2 Bd7 
34.h4 Bg4+ 35.Ke3 Kd7 36.Kf4 Kd6 37.Bf5 Bxf5 38.Kxf5 Nxc4 39.h5 Kd5 40.h6 
Ne5 41.h7 Ng6 42.h8=Q Nxh8 43.Bxh8 b5 44.Bg7 b4 45.Bh6 a5 46.Bf4 c6 47.Bc7
a4 48.Kf4 c4 49.Bd8 c5 50.Kf5 c3 51.Bc7 c4 52.Ba5 Kc5 53.Ke4 Kb5 54.Bc7 a3
55.Be5 b3 56.cxb3 cxb3 57.Kd3 c2 58.Kd2 Kc4 59.axb3+ Kxb3 60.Kc1 Ka2 61.
Bd6 Kb3 62.Bc5 a2 63.Bd4 Kc4 64.Ba1 Kd3 65.Bb2 Kc4 66.Kxc2 1-0

[Event "XXII Memorial Edoardo Crespi Internazionale"]
[Site "Milano ITA"]
[Date "2001.12.08"]
[Round "8"]
[White "Pienabarca, Nicola"]
[Black "Tramalloni, Luca"]
[Result "0-1"]
[WhiteElo "2044"]
[BlackElo "2101"]
[PlyCount "68"]
[EventDate "2001.12.03"]

1.d4 Nf6 2.c4 e6 3.Nc3 Bb4 4.Qc2 c5 5.dxc5 O-O 6.a3 Bxc5 7.Nf3 Nc6 8.Bg5 
Nd4 9.Nxd4 Bxd4 10.e3 Qa5 11.exd4 Qxg5 12.Ne4 Nxe4 13.Qxe4 f5 14.Qe5 b5 
15.c5 a6 16.f4 Qd8 17.Be2 Bb7 18.O-O Rc8 19.b4 Re8 20.a4 bxa4 21.Rxa4 Bc6 
22.Rxa6 Rb8 23.Rb1 Be4 24.Rb2 Qh4 25.Ra1 Ra8 26.Rd1 Ra3 27.Bf3 Rxf3 28.
gxf3 Bxf3 29.Rdd2 Be4 30.Re2 Ra8 31.Rxe4 Ra1+ 32.Kg2 Qg4+ 33.Kf2 Qg1+ 34.
Ke2 fxe4 0-1

[Event "XXII Memorial Edoardo Crespi Internazionale"]
[Site "Milano ITA"]
[Date "2001.12.08"]
[Round "8"]
[White "Podini, Francesco"]
[Black "Burani, Eugenio"]
[Result "0-1"]
[WhiteElo "2085"]
[BlackElo "2093"]
[PlyCount "60"]
[EventDate "2001.12.03"]

1.e4 c5 2.Nf3 Nf6 3.d3 d6 4.g3 g6 5.Bg2 Bg7 6.O-O O-O 7.Nc3 Nc6 8.h3 a6 9.
a4 Qc7 10.Be3 b6 11.Qd2 Bb7 12.Nh4 e6 13.f4 d5 14.exd5 exd5 15.Nxd5 Nxd5 
16.Bxd5 Rfe8 17.c3 Rad8 18.Bg2 Nb4 19.cxb4 Rxe3 20.Rae1 Rdxd3 21.Qc2 Bd4 
22.Rxe3 Rxe3 23.Kh2 Qe7 24.bxc5 bxc5 25.Nf3 Re2 26.Qd3 Rxb2 27.Kh1 Qe8 28.
Qc4 Qe3 29.Re1 Qf2 30.Qf1 Qxg3 0-1

[Event "XXII Memorial Edoardo Crespi Internazionale"]
[Site "Milano ITA"]
[Date "2001.12.08"]
[Round "8"]
[White "Valenti, Giuseppe"]
[Black "Belotti, Bruno"]
[Result "0-1"]
[WhiteElo "2206"]
[BlackElo "2403"]
[PlyCount "46"]
[EventDate "2001.12.03"]

1.e4 c5 2.Nf3 d6 3.d4 cxd4 4.Nxd4 Nf6 5.Nc3 a6 6.Bg5 e6 7.f4 Qc7 8.Bxf6 
gxf6 9.f5 Nc6 10.Be2 Be7 11.fxe6 fxe6 12.Bh5+ Kd8 13.Qd2 Nxd4 14.Qxd4 Qc5 
15.Qxc5 dxc5 16.O-O-O+ Kc7 17.e5 Bd7 18.exf6 Bxf6 19.Ne4 Be7 20.Bf7 Rhf8 
21.Rhf1 Bc6 22.Rde1 Rad8 23.g3 Bxe4 0-1

[Event "XXII Memorial Edoardo Crespi Internazionale"]
[Site "Milano ITA"]
[Date "2001.12.08"]
[Round "8"]
[White "Zoldan, Matteo"]
[Black "Scalcione, Michelangelo"]
[Result "1/2-1/2"]
[WhiteElo "2095"]
[BlackElo "2292"]
[PlyCount "81"]
[EventDate "2001.12.03"]

1.c4 Nf6 2.Nc3 g6 3.e4 d6 4.d4 Bg7 5.f3 O-O 6.Be3 e5 7.Nge2 Nc6 8.d5 Ne7 
9.Qd2 a6 10.g4 c6 11.O-O-O cxd5 12.cxd5 b5 13.Ng3 Qa5 14.Kb1 b4 15.Nce2 
Bb7 16.Nc1 Rfc8 17.Bd3 Qc7 18.Nb3 a5 19.Rc1 Qd7 20.Rxc8+ Qxc8 21.Rc1 Qb8 
22.Qf2 a4 23.Nd2 a3 24.b3 Bxd5 25.g5 Nd7 26.exd5 Nxd5 27.Ne2 Nxe3 28.Qxe3 
d5 29.f4 exf4 30.Qxf4 Ne5 31.Qe3 Nxd3 32.Qxd3 Qe5 33.Kc2 Re8 34.Kd1 Qxh2 
35.Nf3 Qg2 36.Rc2 h5 37.gxh6 Qf1+ 38.Ne1 Bc3 39.Qg3 Bxe1 40.Qxe1 Qxe1+ 41.
Kxe1 1/2-1/2